[Event "London Classic 9th"]
[Site "London"]
[Date "2017.12.06"]
[Round "5"]
[White "Aronian, Levon"]
[Black "Vachier Lagrave, Maxime"]
[Result "1/2-1/2"]
[WhiteElo "2805"]
[BlackElo "2789"]
[Annotator "Krasenkow,M"]
[PlyCount "50"]
[EventDate "2017.12.01"]
[EventType "tourn"]
[EventRounds "9"]
[EventCountry "ENG"]
[EventCategory "22"]
[SourceTitle "CBM 182"]
[Source "ChessBase"]
[SourceDate "2018.01.17"]
[SourceVersion "1"]
[SourceVersionDate "2018.01.17"]
[SourceQuality "1"]

1. d4 Nf6 2. c4 g6 3. f3 d5 4. cxd5 Nxd5 5. e4 Nb6 6. Nc3 Bg7 7. Be3 O-O 8. Qd2
e5 9. d5 c6 10. Rd1 (10. h4 {is the main theoretical move but the text
continuation looks quite promising.}) 10... cxd5 (10... Re8 11. dxc6 Qxd2+ 12.
Rxd2 Nxc6 13. Bb5 Be6 14. Nd5 Rad8 15. Bxc6 bxc6 16. Nc7 Rxd2 17. Bxd2 Re7 18.
Nxe6 Rxe6 19. Nh3 $14 {1/2 (41) Krassowizkij,J (2438)-Vocaturo,D (2600)
Griesheim GER 2017}) 11. exd5 N8d7 {This move allows the most comfortable
development of White's knight; however, other continuations are not quite
sufficient for equality, either, according to recent practice:} (11... Nc4 {
exchanging White's undeveloped bishop, is hardly appropriate:} 12. Bxc4 Qh4+
13. Qf2 Qxc4 14. Nge2 Na6 15. b3 Qb4 16. O-O Bd7 17. d6 $14 {1-0 (50)
Polivanov,A (2383)-Zaksaite,S (2278) Katowice POL 2017}) (11... Re8 12. Ne4
N8d7 13. Nh3 Nf6 14. Nhf2 Nxe4 15. fxe4 f5 16. Be2 f4 17. Bc5 Nd7 18. Ba3 $14 {
1/2 (41) Postny,E (2620)-Sarkar,J (2415) Sitges 2016}) (11... Bf5 12. h4 h5 13.
Nh3 N8d7 (13... Qxh4+ $2 14. Nf2 Qd8 15. g4) 14. Nf2 Nf6 15. Bg5 Qd6 16. Be2
Rfe8 17. O-O Rac8 18. Nce4 $14 (18. g4 e4 19. Bf4 Qc5 20. gxf5 e3 $13 {1/2 (44)
Martinovic,S (2532)-Burnoiu,N (2400) Arad 2015})) (11... Qh4+ $5 12. Bf2 (12.
Qf2 $5) 12... Qb4 13. h4 N8d7 14. h5 Nf6 15. Rh4 e4 16. hxg6 hxg6 17. fxe4 Re8
$44 {0-1 (46) Wojtaszek,R (2744)-Dominguez Perez,L (2726) Beijing 2014}) 12.
Nh3 $1 (12. h4 Nf6 13. h5 $6 Nxh5 14. Bh6 f5 15. Bxg7 Kxg7 16. d6 Be6 $17 {
0-1 (37) Geirnaert,S (2451)-Hovhannisyan,M (2509) Schelle 2015}) 12... e4 {
[%mdl 512]} (12... Nc4 $6 13. Bxc4 Qh4+ 14. Nf2 Qxc4 15. b3 Qa6 16. Nd3 Nb6 {
1-0 (29) Lenaerts,L (2204)-Guido,F (2367) Vienna 2015} 17. O-O $16) (12... Nf6
13. Nf2 Bd7 14. Be2 Rc8 15. O-O Nc4 16. Bxc4 Rxc4 17. Bxa7 b6 18. Qe3 Rc5 19.
d6 $16 {1/2 (57) Van Kampen,R (2636)-Bok,B (2586) Amsterdam 2014}) 13. fxe4 (
13. f4 $6 Nf6 14. Nf2 Ng4 15. Nxg4 Bxg4 16. Be2 Bxe2 17. Qxe2 Rc8 18. O-O Bxc3
19. bxc3 Nxd5 $15 {1/2 (24) Delchev,A (2604)-Ghosh,D (2531) Kavala 2015}) 13...
Ne5 {Theoretically, Black's compensation for the pawn is not fully sufficient
but in practice this blockade is not easy to lift, and the position remains
double-edged.} 14. Nf2 f5 ({The series of exchanges after} 14... Nbc4 15. Bxc4
Nxc4 16. Qe2 Nxe3 17. Qxe3 Qb6 18. Qxb6 axb6 {is rather favourable for White,
e.g.} 19. O-O Bd7 20. h3 h5 21. Nd3 Rfe8 22. Nb4 Be5 23. Rf3 Kg7 24. Nc2 Bxc3
25. Rxc3 Rxa2 26. Rc7 Ba4 27. Rf1 $16 {1-0 (75) Bologan,V (2672)-Cheparinov,I 
(2678) Poikovsky 2013}) 15. Bc5 $6 {It was probably better to leave the bishop
on e3, preventing ...f5-f4.} (15. Bg5 $5 Qe8 16. Bb5 Bd7 17. Bxd7 Qxd7 18. O-O
f4 $6 (18... Nec4) 19. Bxf4 Nec4 20. Qc1 Nxb2 21. Qxb2 Rxf4 22. Qb3 Raf8 23.
Ne2 R4f7 24. g3 Na4 25. Nf4 Nc3 26. Ne6 $16 {1/2 (75) Georgescu,T (2468)-Gupta,
A (2630) Cappelle-la-Grande 2014}) (15. b3 $5 {, preventing ...Nb6-c4, looks
the most appropriate:} Bd7 (15... fxe4 16. Ncxe4) 16. Be2 Rc8 17. Bd4 f4 18.
Bf3 Qh4 19. Ne2 Bb5 20. Bxe5 Bxe5 21. O-O h5 22. Rfe1 Nd7 23. Nd4 Ba6 24. Rc1
$14 {1/2 (36) Heimann,A (2548)-Mikhalevski,V (2536) Lingen 2015}) 15... Rf7 16.
Be2 f4 17. Bf3 $6 {Not a good antidote to ...f4-f3 but White's position is
quite dangerous in other cases, too, e.g.} (17. O-O f3 $5) ({or} 17. b3 f3 18.
gxf3 Qh4) 17... Nbc4 18. Qe2 b6 $6 (18... Qh4 {was even more dangerous} 19. O-O
$140 g5 $40) 19. Bd4 Ne3 20. Bxe3 fxe3 21. Qxe3 {Black has excellent
compensation for two pawns: a pair of bishops, blockade, active pieces.} Qf8 {
This move practically forces a draw.} (21... Nxf3+ $5 22. gxf3 Ba6 {[%csl Re1]}
) 22. Be2 $1 {[%cal Re1g1]} (22. O-O $6 Nxf3+ 23. gxf3 Rxf3 24. Qe2 Be5 $40)
22... Bh6 23. Qd4 Bg7 24. Qe3 Bh6 25. Qd4 Bg7 1/2-1/2

[Event "Wch Rapid"]
[Site "Riadh"]
[Date "2017.12.26"]
[Round "4"]
[White "Christiansen, Johan Sebastian"]
[Black "Aronian, Levon"]
[Result "0-1"]
[WhiteElo "2495"]
[BlackElo "2805"]
[PlyCount "82"]
[EventDate "2017.12.26"]
[EventType "swiss (rapid)"]
[EventRounds "15"]
[EventCountry "SAU"]
[SourceTitle "CBM 182 Extra"]
[Source "ChessBase"]
[SourceDate "2018.02.23"]
[SourceVersion "1"]
[SourceVersionDate "2018.02.23"]
[SourceQuality "1"]

1. e4 g6 2. d4 Bg7 3. Nc3 c6 4. Be3 d5 5. Qd2 dxe4 6. Nxe4 Nd7 7. O-O-O Ngf6 8.
Ng3 Nb6 9. Bh6 Bxh6 10. Qxh6 Qd5 11. b3 Bg4 12. f3 Be6 13. Qd2 Qd6 14. c4 Qc7
15. N1e2 a5 16. Qf4 O-O-O 17. Qg5 a4 18. Nf4 h6 19. Nxe6 hxg5 20. Nxc7 Kxc7 21.
Be2 Nbd7 22. h3 Nf8 23. Ne4 Ne6 24. Nxf6 exf6 25. d5 Nf4 26. Bf1 axb3 27. axb3
cxd5 28. g3 Nh5 29. Rg1 Rhe8 30. cxd5 Re3 31. Bc4 Rxf3 32. Rge1 Kd6 33. g4 Nf4
34. Re4 Rxh3 35. Rde1 b5 36. Bxb5 Rxb3 37. Bc6 Nd3+ 38. Kc2 Nxe1+ 39. Kxb3 Nd3
40. Kc3 Ne5 41. Bb5 Rc8+ 0-1

[Event "Wch Blitz"]
[Site "Riadh"]
[Date "2017.12.29"]
[Round "3"]
[White "Ganguly, Surya Shekhar"]
[Black "Aronian, Levon"]
[Result "0-1"]
[WhiteElo "2650"]
[BlackElo "2805"]
[PlyCount "114"]
[EventDate "2017.12.29"]
[EventType "swiss (blitz)"]
[EventRounds "21"]
[EventCountry "SAU"]
[SourceTitle "CBM 182 Extra"]
[Source "ChessBase"]
[SourceDate "2018.02.23"]
[SourceVersion "1"]
[SourceVersionDate "2018.02.23"]
[SourceQuality "1"]

1. c4 g6 2. e4 e5 3. d4 Nf6 4. Nf3 exd4 5. e5 Ne4 6. Qxd4 Bb4+ 7. Kd1 f5 8.
exf6 Nxf6 9. Bh6 Nc6 10. Qe3+ Kf7 11. c5 d5 12. cxd6 cxd6 13. Bc4+ d5 14. Bb5
Bg4 15. h3 Re8 16. Qb3 Bxf3+ 17. Qxf3 Qb6 18. Bxc6 Qxc6 19. Na3 Rac8 20. Rc1
Qa4+ 21. Nc2 Ba5 22. a3 Rc6 23. b3 Qe4 24. b4 Bb6 25. Re1 Qxf3+ 26. gxf3 Bxf2
27. Rxe8 Nxe8 28. Ke2 Bb6 29. Kd3 Nd6 30. a4 Nc4 31. a5 Ne5+ 32. Ke2 Bd8 33.
Nd4 Rxc1 34. Bxc1 a6 35. Bd2 Nc6 36. Nc2 Ke6 37. Kd3 Be7 38. Be1 Bd6 39. Bd2
Kd7 40. Be1 Ne7 41. Nd4 Be5 42. Nb3 Bd6 43. Nd4 Nc6 44. Nc2 Be7 45. Bd2 Bf6 46.
Ne3 Ne5+ 47. Ke2 Kc6 48. Nc2 Nc4 49. Be1 Kb5 50. Kd3 Nb2+ 51. Ke3 Kc4 52. Na3+
Kb3 53. Nb1 Nc4+ 54. Kd3 Be7 55. Kd4 Bxb4 56. Bh4 Bxa5 57. Kxd5 Nd2 0-1

[Event "Wch Blitz"]
[Site "Riadh"]
[Date "2017.12.29"]
[Round "6"]
[White "Aronian, Levon"]
[Black "Sethuraman, SP."]
[Result "1/2-1/2"]
[WhiteElo "2805"]
[BlackElo "2646"]
[PlyCount "86"]
[EventDate "2017.12.29"]
[EventType "swiss (blitz)"]
[EventRounds "21"]
[EventCountry "SAU"]
[SourceTitle "CBM 182 Extra"]
[Source "ChessBase"]
[SourceDate "2018.02.23"]
[SourceVersion "1"]
[SourceVersionDate "2018.02.23"]
[SourceQuality "1"]

1. d4 d5 2. Bf4 Nf6 3. e3 c5 4. c3 Nc6 5. Nd2 Bf5 6. Qb3 Qc8 7. dxc5 e5 8. Bg5
Be6 9. Bxf6 gxf6 10. c4 dxc4 11. Bxc4 Bxc5 12. Rc1 Bb4 13. Ngf3 e4 14. Nd4
Bxd2+ 15. Kxd2 Nxd4 16. exd4 Bxc4 17. Rxc4 Qd7 18. Re1 f5 19. Qg3 Qe6 20. Rc5
Kf8 21. Qe5 Rg8 22. g3 Rd8 23. Qxf5 Rxd4+ 24. Kc2 Qxf5 25. Rxf5 Rg6 26. Rc5 b6
27. Rc7 a5 28. Rd1 Rxd1 29. Kxd1 Rd6+ 30. Ke2 Rd4 31. a3 Kg7 32. Rc6 b5 33. Rc5
b4 34. Rxa5 bxa3 35. Rxa3 Kg6 36. Rc3 f5 37. Ke3 Rd1 38. f3 exf3 39. b3 Rh1 40.
h4 Rf1 41. Kf4 f2 42. Rc2 Rb1 43. Rxf2 Rxb3 1/2-1/2

[Event "Gibraltar Masters playoff 16th"]
[Site "Caleta"]
[Date "2018.02.01"]
[Round "1.1"]
[White "Rapport, Richard"]
[Black "Aronian, Levon"]
[Result "0-1"]
[WhiteElo "2700"]
[BlackElo "2797"]
[Annotator "Gupta,A"]
[PlyCount "94"]
[EventDate "2018.02.01"]
[EventType "k.o. (rapid)"]
[EventRounds "2"]
[EventCountry "GGB"]
[SourceTitle "CBM 183"]
[Source "ChessBase"]
[SourceDate "2018.03.14"]
[SourceVersion "1"]
[SourceVersionDate "2018.03.14"]
[SourceQuality "1"]

{It has to be said that going into the tiebreaks,Levon was definitely the
favourite.} 1. d4 Nf6 2. Bf4 d5 3. e3 e6 4. Nf3 c5 5. Be2 Nc6 6. O-O Be7 $6 {
I somehow don't like this move but hey I am not going to argue with Aronian's
opening :)} (6... cxd4 7. exd4 Bd6 {looks more normal.}) 7. dxc5 Bxc5 8. c4 O-O
9. Nc3 dxc4 10. Bxc4 Qxd1 11. Rfxd1 b6 12. Ng5 Be7 13. Nge4 Rd8 14. Bb5 Bb7 15.
Nd6 Bxd6 16. Bxd6 {Richard can be very happy how the opening went, he has two
bishops no weakness and can push Levon forever in such kind of positions.} Rac8
17. f3 a6 18. Be2 b5 19. Kf2 e5 20. Rac1 (20. b4 $1 {[%cal Ga2a4] This would
have been almost winning for White:} Ne8 21. Bc5 Rxd1 22. Rxd1 Rd8 23. Ra1 $1
Rd2 24. a4 bxa4 25. Nxa4 $16) 20... h6 21. h4 (21. b4 {Again the same idea
with b4 then a4 should be really nice for White.}) 21... Ne8 22. Bc5 Rxd1 23.
Rxd1 Nd8 24. a4 Ne6 25. Ba3 bxa4 26. Nxa4 Nf6 27. Rd2 e4 28. Nb6 Rb8 29. Nc4
Bc6 30. Nd6 Bb5 31. Nxb5 axb5 32. Bd6 Rb7 33. Bb4 Nc7 34. Rd8+ Kh7 35. Bc3 (35.
fxe4 {this would have sealed the deal:} Nxe4+ (35... Ne6 36. Rc8 Nxe4+ 37. Kf3)
36. Kf3 Nf6 37. Bd3+ g6 38. Bc3 Ne6 39. Ra8 Kg7 40. Ra6 h5 41. b4 {and Black
is in zugzwang.}) 35... Ne6 36. Ra8 Nd5 37. Be5 Nb6 38. Re8 $2 (38. Rb8 $1 Rxb8
39. Bxb8 exf3 40. gxf3 b4 41. Bd6 $16) 38... Nc4 {Now Black is too active to
make a draw.} 39. Bc3 Nc5 40. Bb4 Nd3+ 41. Bxd3 exd3 42. b3 Nb2 43. Rc8 $2 (43.
Ke1 {would have been a better try but it's also getting scary for White:} Ra7 (
43... Rc7 44. Bd2 $1) 44. Kd2 Ra1 45. Rd8 Rf1 46. g4 Rxf3 47. Kc1 Rf2 48. Bd2
Rg2 49. Rd4 Kg6 50. e4 Kf6 51. Rd5 b4 52. Bxb4 Rc2+ 53. Kb1 Ke6 54. Ba3 Nc4 55.
bxc4 Rxc4 56. Rxd3 Rxe4 {and Black should hold this.}) 43... Nd1+ 44. Ke1 $2 {
Mistakes don't come alone.} (44. Kg3 Nxe3 45. Rd8 Nc2 46. Bc5 $11) 44... Nxe3
45. Kf2 Nc2 46. Bc5 {This is the final mistake but things were already quite
difficult for White.} (46. Bd2 Rd7 {[%cal Gc2a1]} (46... Re7 47. Kf1) 47. Rc3 (
47. Rc5 b4 48. Re5 Kg6 $17)) 46... Rd7 47. Be3 Nxe3 {The second game of this
match was also won by Levon although with some hiccups and managed to set up
an interesting final against MVL.} 0-1

[Event "Gibraltar Masters playoff 16th"]
[Site "Caleta"]
[Date "2018.02.01"]
[Round "2.4"]
[White "Aronian, Levon"]
[Black "Vachier Lagrave, Maxime"]
[Result "1-0"]
[WhiteElo "2797"]
[BlackElo "2793"]
[Annotator "Gupta,A"]
[PlyCount "99"]
[EventDate "2018.02.01"]
[EventType "k.o. (rapid)"]
[EventRounds "2"]
[EventCountry "GGB"]
[SourceTitle "CBM 183"]
[Source "ChessBase"]
[SourceDate "2018.03.14"]
[SourceVersion "1"]
[SourceVersionDate "2018.03.14"]
[SourceQuality "1"]

1. d4 Nf6 2. Nf3 g6 3. Nc3 d5 4. Bf4 {Levon stucks to the line which put him
through against Maxime in the World Cup.} Bg7 5. Nb5 Na6 6. e3 c6 7. Nc3 O-O $6
(7... Nc7 8. h3 O-O 9. Bd3 {with a normal game.}) 8. Bxa6 $14 bxa6 9. h3 {
I don't think White needs h3 anymore but hey in a blitz game it's always good
to have your pawn on h3 rather than h2.} Nd7 10. O-O Bb7 11. Na4 Rc8 $6 (11...
c5 {This has to be played, after} 12. c3 {Black is still slightly worse but he
is still in there.}) 12. b4 $1 a5 13. Nc5 Nxc5 14. bxc5 {A dream position for
White especially in a blitz game.} Ba6 15. Re1 a4 16. Qd2 Bb5 17. e4 $1 dxe4
18. Rxe4 Bc4 19. Bh6 $2 (19. Re3 Bd5 20. Ne5 $16) 19... Bxh6 $2 (19... Bd5 20.
Bxg7 Kxg7 21. Re3 (21. Rh4 h5 22. Rxh5 gxh5 23. Qg5+ {is only a perpetual})
21... Bxf3 22. Rxf3 Qd5 {and all of a sudden Black has serious chances to hold.
}) 20. Qxh6 f6 21. Nd2 Bd5 22. Re3 Rb8 23. c4 Bf7 24. Re4 g5 25. Rae1 e5 (25...
Rb7 {Black can still try and resist but the odds of him holding on against
Aronian are close to zero,} 26. h4) 26. dxe5 Bg6 (26... Qxd2 27. exf6 {with
mate in 4?}) 27. R4e2 {he only thing left for Levon now is not to lose on time.
} Rb2 28. Nf3 Rxe2 29. Rxe2 fxe5 30. Rxe5 Qd1+ 31. Re1 Qc2 32. a3 Qxc4 33. Qxg5
Rf5 34. Re8+ Kg7 35. Qe7+ Kh6 36. Qe3+ Qf4 37. Qxf4+ Rxf4 38. Re6 Rc4 39. Rxc6
Kg7 40. Ne5 Rc1+ 41. Kh2 Be4 42. Ra6 Rxc5 43. Rxa7+ Kg8 44. Nd7 Rf5 45. Rxa4
Bc6 46. Rg4+ Kf7 47. Nb8 Bb7 48. f3 Rb5 49. Rb4 Rxb4 50. axb4 {After such a
terrible start in the event Levon crawled his way back to win the tournament
which shows what a true champion he is!} 1-0

[Event "Grenke Chess Classic 5th"]
[Site "Karlsruhe/Baden-Baden"]
[Date "2018.04.01"]
[Round "2"]
[White "Aronian, Levon"]
[Black "Naiditsch, Arkadij"]
[Result "1-0"]
[WhiteElo "2794"]
[BlackElo "2701"]
[Annotator "Szabo,Kr"]
[PlyCount "69"]
[EventDate "2018.03.31"]
[EventType "tourn"]
[EventRounds "9"]
[EventCountry "GER"]
[EventCategory "20"]
[SourceTitle "CBM 184"]
[Source "ChessBase"]
[SourceDate "2018.05.16"]
[SourceVersion "1"]
[SourceVersionDate "2018.05.16"]
[SourceQuality "1"]

1. c4 Nf6 2. Nc3 g6 3. e4 d6 4. d4 Bg7 5. Nge2 {This is also a main line, but
not so popular as 5.Nf3, 5.f3 or 5.Be2. White's plan is Ng3, Be2 followed by
h4-h5 and tries to create some attack on the kingside.} O-O 6. Ng3 e5 7. d5 a5
8. Be2 Na6 9. h4 h5 {It is important to stop, otherwise after h5 White has
strong pressure on the kingside.} 10. Bg5 Qe8 11. Qd2 Kh7 {Black prepares for .
..Ng8 followed by ...f6, ...Bh6.} ({Four years ago there was a top game for} 
11... Nc5 {,} 12. O-O-O Ng4 13. Bxg4 Bxg4 14. f3 Bd7 15. Be3 b6 16. Kb1 Kh7 17.
Qc2 a4 18. Nge2 f5 19. exf5 gxf5 20. Rh3 Kh8 21. f4 Ne4 $132 {Carlsen-Radjabov,
Shamkir 2014, with a complicated position.}) 12. f3 Ng8 13. Nb5 $1 $146 {
A nice novelty by Aronian. White is threatening Qxa5.} (13. O-O-O a4 (13... Bd7
$5) 14. Rdg1 f6 15. Be3 Bd7 $13 {with an unclear middlegame.} (15... f5 $2 {
was too dangerous for Black,} 16. exf5 gxf5 17. Nxh5 $1 {Great piece sacrifice!
} Qxh5 18. g4 Qe8 19. h5 a3 20. g5 $16 {Kantor-Nitin, Budapest 2017, with a
strong attack.})) 13... b6 14. a3 Bd7 ({If Black gains some space with} 14...
a4 $6 {, White plays} 15. Bd1 $1 $16 {and Black can't protect his pawn.}) 15.
b4 $1 {Good move, the a6-knight is completely out of play.} f6 16. Be3 f5 $6 {
Black is playing a typical King's Indian plan, but now this is an inaccuracy.}
(16... Bh6 {was better to exchange the dark-squared bishops.}) 17. exf5 $1 gxf5
18. Bg5 {The g5-square is a great place for the bishop. Black has a weakness
on h5 and it is not clear how can he activate his pieces.} e4 $6 {Black tries
to play actively, but this only helps White.} ({The engine suggests the ugly} 
18... f4 19. Ne4 Nf6 {, but after} 20. Nbc3 $14 {White's position is more
promising.}) 19. Rb1 exf3 20. gxf3 axb4 21. axb4 Bxb5 ({Black didn't want to
stand with} 21... Kh8 {, because after} 22. Rg1 $16 ({or} 22. Kf2 $16 {White
is clearly better.})) 22. cxb5 Nb8 23. O-O Nd7 24. Rbc1 {The c7-pawn is also a
potential weakness.} Ra7 25. Bd3 $1 $18 {White activates his pieces, Black's
position has too many weaknesses.} Qe5 (25... Qg6 26. f4 $18 {looks also
hopeless for Black. White's plan is Rfe1-e6.}) 26. Nxh5 Qxd5 27. Nf4 Qb3 28.
Bc4 $1 {Another strong reply!} Qb2 29. Rc2 Qd4+ 30. Qxd4 Bxd4+ 31. Kg2 Be5 32.
Ne6 Rc8 33. Nd8 $1 {A smart reaction, White will put his N on c6.} d5 34. Nc6
Ra3 35. Bxd5 {and Black resigned. Nice game by Aronian!} 1-0

[Event "Norway Masters blitz 6th"]
[Site "Stavanger"]
[Date "2018.05.27"]
[Round "6"]
[White "Ding, Liren"]
[Black "Aronian, Levon"]
[Result "1/2-1/2"]
[WhiteElo "2791"]
[BlackElo "2764"]
[PlyCount "124"]
[EventDate "2018.05.27"]
[EventType "tourn (blitz)"]
[EventRounds "9"]
[EventCountry "NOR"]
[EventCategory "22"]
[SourceTitle "CBM 185"]
[Source "ChessBase"]
[SourceDate "2018.07.13"]
[SourceVersion "1"]
[SourceVersionDate "2018.07.13"]
[SourceQuality "1"]

1. d4 Nf6 2. c4 e6 3. Nc3 Bb4 4. e3 O-O 5. Bd3 d5 6. Nge2 dxc4 7. Bxc4 c5 8.
O-O cxd4 9. exd4 Nbd7 10. a3 Be7 11. Bg5 Nb6 12. Ba2 Bd7 13. Qd3 Bc6 14. Rad1
Na4 15. Rd2 Nxc3 16. Nxc3 Qc7 17. d5 Nxd5 18. Nxd5 exd5 19. Bxe7 Qxe7 20. Bxd5
Rad8 21. Qb3 Bxd5 22. Rxd5 Rxd5 23. Qxd5 Rd8 24. Qc4 b6 25. g3 g6 26. Rc1 Qf6
27. Qc3 Qf5 28. Re1 Rc8 29. Qd4 h5 30. h4 Qc5 31. Qxc5 Rxc5 32. b4 Rc3 33. Re3
Rxe3 34. fxe3 Kg7 35. Kf2 Kf6 36. e4 Ke5 37. Ke3 b5 38. Kd3 f6 39. Ke3 g5 40.
g4 hxg4 41. h5 Ke6 42. Kf2 Kf7 43. Kg3 Kg7 44. Kxg4 Kh6 45. Kf5 Kh7 46. Kxf6 g4
47. e5 g3 48. e6 g2 49. e7 g1=Q 50. e8=Q Qf2+ 51. Ke7 Qe3+ 52. Kd8 Qxa3 53.
Qf7+ Kh8 54. Qf6+ Kh7 55. Qg6+ Kh8 56. h6 Qc3 57. Qg7+ Qxg7 58. hxg7+ Kxg7 59.
Kc7 a5 60. bxa5 b4 61. a6 b3 62. a7 b2 1/2-1/2

[Event "Leuven GCT blitz"]
[Site "Leuven"]
[Date "2018.06.16"]
[Round "16"]
[White "Giri, Anish"]
[Black "Aronian, Levon"]
[Result "0-1"]
[WhiteElo "2782"]
[BlackElo "2764"]
[PlyCount "64"]
[EventDate "2018.06.12"]
[EventType "tourn (blitz)"]
[EventRounds "18"]
[EventCountry "BEL"]
[EventCategory "22"]
[SourceTitle "CBM 185"]
[Source "ChessBase"]
[SourceDate "2018.07.13"]
[SourceVersion "1"]
[SourceVersionDate "2018.07.13"]
[SourceQuality "1"]

1. e4 e5 2. Nf3 Nc6 3. Bb5 a6 4. Ba4 Nf6 5. O-O Be7 6. Re1 b5 7. Bb3 O-O 8. a4
b4 9. d4 d6 10. dxe5 Nxe5 11. Nxe5 dxe5 12. Qe2 a5 13. Bg5 Ba6 14. Qf3 h6 15.
Rd1 hxg5 16. Rxd8 Raxd8 17. h3 Bc5 18. Bd5 Nxd5 19. exd5 e4 20. Qd1 e3 21. fxe3
Rfe8 22. Kh1 Rxe3 23. Nd2 Rxd5 24. Qc1 Rf5 25. Nb3 Bb6 26. Qd2 Bb7 27. Kh2 Rd5
28. Qc1 Re2 29. Qf1 Rde5 30. Rd1 Rf2 31. Rd8+ Kh7 32. Qd3+ g6 0-1

[Event "Tata Steel India blitz"]
[Site "Kolkata"]
[Date "2018.11.13"]
[Round "7"]
[White "Mamedyarov, Shakhriyar"]
[Black "Aronian, Levon"]
[Result "1/2-1/2"]
[WhiteElo "2817"]
[BlackElo "2765"]
[PlyCount "135"]
[EventDate "2018.11.13"]
[EventType "tourn (blitz)"]
[EventRounds "18"]
[EventCountry "IND"]
[EventCategory "19"]
[SourceTitle "CBM 187 Extra"]
[Source "ChessBase"]
[SourceDate "2018.11.04"]
[SourceVersion "1"]
[SourceVersionDate "2018.11.04"]
[SourceQuality "1"]

1. d4 Nf6 2. c4 e6 3. Nc3 Bb4 4. f3 c5 5. d5 O-O 6. e4 d6 7. Bg5 exd5 8. cxd5
Nbd7 9. Bd3 Ne5 10. Nge2 c4 11. Bc2 Bc5 12. Qd2 h6 13. Be3 Qb6 14. Bxc5 Qxc5
15. Qd4 b5 16. Qxc5 dxc5 17. Nxb5 Rb8 18. Nbc3 Rxb2 19. Kd2 Nfd7 20. Rhb1 Rb4
21. a3 Rb6 22. f4 Nd3 23. Rxb6 axb6 24. Bxd3 cxd3 25. Kxd3 Ba6+ 26. Kd2 f6 27.
Rb1 Ra8 28. a4 Kf7 29. h4 g5 30. hxg5 hxg5 31. fxg5 Rg8 32. Ke3 Rxg5 33. g3 Ne5
34. Kf2 Nc4 35. Rh1 Bc8 36. Nf4 Bd7 37. Rb1 Ke7 38. a5 bxa5 39. Rb7 Rg8 40. Nd3
Rc8 41. Na4 Nd6 42. Ra7 Nxe4+ 43. Ke3 c4 44. Nb6 Rd8 45. Nxc4 Nd6 46. Nxa5 Nb5
47. Ra6 Rg8 48. Kf2 Rg5 49. Nf4 Nd6 50. Ra7 Ke8 51. Nb3 Ne4+ 52. Kf3 Rxg3+ 53.
Kxe4 Rxb3 54. d6 Rb4+ 55. Ke3 Rb6 56. Ra8+ Kf7 57. Ra7 Rxd6 58. Ra5 Bg4 59.
Ra7+ Ke8 60. Ra8+ Kd7 61. Ra7+ Kc8 62. Rg7 Bd7 63. Rf7 Be8 64. Ra7 Kd8 65. Ra8+
Ke7 66. Ra7+ Bd7 67. Ra5 f5 68. Re5+ 1/2-1/2

[Event "London Classic 10th"]
[Site "London"]
[Date "2018.12.13"]
[Round "1.7"]
[White "Aronian, Levon"]
[Black "Vachier Lagrave, Maxime"]
[Result "1-0"]
[WhiteElo "2765"]
[BlackElo "2781"]
[PlyCount "75"]
[EventDate "2018.12.11"]
[EventType "k.o."]
[EventRounds "2"]
[EventCountry "ENG"]
[SourceTitle "CBM 188"]
[Source "ChessBase"]
[SourceDate "2018.12.21"]
[SourceVersion "1"]
[SourceVersionDate "2018.12.21"]
[SourceQuality "1"]

1. e4 c5 2. Nf3 d6 3. Bb5+ Nd7 4. c3 Ngf6 5. Bd3 Ne5 6. Be2 Nxf3+ 7. Bxf3 e5 8.
d4 Be7 9. dxe5 dxe5 10. Qxd8+ Bxd8 11. Nd2 Be6 12. Be2 Bc7 13. f3 Ke7 14. a4 h5
15. h4 Rhd8 16. Nc4 Ne8 17. Be3 b6 18. Bf2 f6 19. O-O g6 20. Rfc1 Nd6 21. Ne3
f5 22. Nd5+ Bxd5 23. exd5 c4 24. Be3 Kd7 25. Rab1 Rf8 26. b3 f4 27. Bf2 e4 28.
fxe4 Rae8 29. bxc4 Nxe4 30. c5 Nxc3 31. Rxc3 Rxe2 32. d6 Bd8 33. c6+ Kc8 34. a5
Rxf2 35. Kxf2 Rf5 36. c7 Bxh4+ 37. Kf3 Rd5 38. axb6 1-0